=LDR 00000nam 2200000 4500 =001 INLIS000000000010809 =005 20130612102425 =008 ***********************************Ind** =035 ##$$0010-061300000010809 =041 ##$$a Ind =082 ##$$a 410.07 =090 ##$$a 410.07, sal p =100 ##$$a Saliwangi, Basenang =245 ##$$a Penganter strategi belajar mengajar bahasa Indonesia, Bassenag saliwangi =260 ##$$a 1989 $b Malang =300 ##$$a viii,77 hlmc21 cm =650 ##$$a Bahasa =650 ##$$a Belajar-Mengajar =850 ##$$a NBPNMAT